00346nam a22001217a 4500008004100000024001300041082001700054100003000071245006100101260003300162300000900195440002000204230606b xxu||||| |||| 00| 0 eng d a03050718 a348.009bCLB ccommon wealth secretariat aCommonwealth Law bulletinbVolume 33, No4, December 2007 bTaylor & Francis groupc2007 a822p n4v33x03050718